Sports Quiz

Random Sports or MLB Quiz

100 Wins for Multiple Teams (pitchers) Quiz Stats

 Plays Quiz not verified by Sporcle

Challenge
Share
Tweet
Embed
Score 0/7 Timer 07:00
0 Plays Today
Wins Pitcher % Correct
SEA 130, ARI 118Randy Johnson
97.3%
CHC 133, ATL 194Greg Maddux
95.1%
CAL 138, HOU 106Nolan Ryan
89.8%
BAL 147, NYY 123Mike Mussina
86.4%
BAL 108, MON 100Dennis Martinez
69.5%
PHI 190, CHC 128Pete Alexander
49.1%
PHA 195, BOS 105Lefty Grove
45.4%

You're not logged in!

Compare scores with friends on all Sporcle quizzes.
Join for Free
OR
Log In

You Might Also Like...

Show Comments

Extras

Top Quizzes Today


Score Distribution

Your Account Isn't Verified!

In order to create a playlist on Sporcle, you need to verify the email address you used during registration. Go to your Sporcle Settings to finish the process.

Report this User

Report this user for behavior that violates our Community Guidelines.

Details: